000 00521nmm a2200169Ia 4500
008 251105s9999||||xx |||||||||||||||||und||
020 _a9789681672843
041 _aspa
100 _aGruzinski, Serge
245 0 _aLa ciudad de México: una historia
264 _a[México D.C., Mexico] :
_bFondo de Cultura Económica,
_c2012
300 _a636 páginas
490 _aColección Popular
650 _aHistory of the Americas: Latin America
856 _uhttps://public.digitaliapublishing.com/a/64553
942 _cCF
999 _c96974
_d96974